| 000 | 00367pam a2200157a 44500 | ||
|---|---|---|---|
| 008 | 230405s2006 xxu||||| |||| 00| 0 eng d | ||
| 041 | _aENG | ||
| 100 | _aEDMINISTER JOSEPH.A | ||
| 245 | _aELECTROMAGNETICS | ||
| 250 | _a2006 | ||
| 260 |
_aNEW DELHI _bTATA MCGRAW HILL PUB _c2006 |
||
| 300 | _aP.B,MISE PAGE | ||
| 650 | _aE&TC | ||
| 690 | _aE&TC | ||
| 906 | _a2008 | ||
| 999 |
_c816203 _d816203 |
||